000 00312nam a2200133Ia 4500
008 231129s1981||||xx |||||||||||||| ||spa||
040 _bspa
082 _aCo863 M671c
100 _aMira Restrepo Jorge
245 0 _aComo en el Ser y otros cuentos
260 _c1981
264 _aGraficosmos
942 _2ddc
_cBKS
999 _c7512
_d7512